| 000 | 00478nam a2200157Ia 4500 | ||
|---|---|---|---|
| 008 | 210716s2012 xx 000 0 und d | ||
| 020 | _a9781259028519 | ||
| 041 | _aeng | ||
| 082 | _a174.936 STEJ | ||
| 100 | _aSteiner, John F; Steiner, George A. | ||
| 245 |
_aBusiness government and society: a managerial perspective. _bManagerial perspective. |
||
| 250 | _a12 | ||
| 260 |
_aNew Delhi _bMc Graw Hill Book Company _c2012 |
||
| 300 | _axiv,642 | ||
| 650 | _aGeneral Management | ||
| 999 |
_c208228 _d208228 |
||